000 01001nam a22002297a 4500
999 _c13772
_d13772
003 AR-CdUCM
008 190416b ||||| |||| 00| 0 spa d
040 _aMUNICIPALIDAD PROVINCIAL DEL CUSCO
_cBIBLIOTECA MUNICIPAL DEL CUSCO
082 _a613.83 /
_bG98 / 1947
100 _aGutiérrez-Noriega, Carlos
_932317
245 _aEstudios sobre la coca y la cocaina en el Perú /
260 _aLima :
_bMinisterio de Educación Pública,
_c1947.
300 _a144 paginas ;
_bLaminas, Ilustraciones, Graficos
_c21 cm.
505 _aContenido :Datos históricos --Habituación a la coca y a la cocaína --Sensibilización a la cocaína --Efectos de la coca y de la cocaína sobre el sistema nervioso y sobre la actividad mental ...
650 _aCoca
_921158
650 _aCocaína
_932318
650 _aToxicologia
_921812
650 _aEfectos fisiológicos
_932319
710 _aDirección de Educación Artística y Extensión Cultural
_932320
942 _2ddc
_cLIBROS
945 _arjall
_d2019-04-16